Famous People Chain - Statistics

General Stats
  • This quiz has been taken 52 times
  • The average score is 11 of 17
Answer Stats
Hint Answer % Correct
French Emperor and General Napoleon Bonaparte
98%
Emancipation President Abraham Lincoln
85%
German-American physicist Albert Einstein
85%
Former activist and President of South Africa Nelson Mandela
85%
Serbian inventor Nikola Tesla
83%
Soviet cosmonaut Yuri Gagarin
73%
New Zealand mountaineer Edmund Hillary
71%
US President, dropped the bomb Harry S. Truman
69%
Gothic American poet Edgar Allan Poe
63%
Abdicating monarch of the UK Edward VIII
63%
Polish astronomer Nicolaus Copernicus
63%
Famous Economist Adam Smith
56%
Australian Bushranger Ned Kelly
52%
New York Yankees famed catcher Yogi Berra
42%
English singer with heterochromia David Bowie
31%
Roman general against Carthage Scipio Africanus
19%
Former Prime Minister of Australia, 2018-2022 Scott Morrison
19%
No matching quizzes found
Score Distribution
Percent of People with Each Score
Percentile by Number Answered
Your Score History
You have not taken this quiz